Land vs. Land #30 - Statistiken

Allgemein
  • Dieses Quiz wurde 19 mal gespielt
  • Das Durchschnittsergebnis liegt bei 9 aus 14
Antwortstatistiken
Frage Antwort % Korrekt
...Bruttoinlandsprodukt? Antigua🇦🇬
82%
...Gesundheitswesen? Antigua🇦🇬
76%
...Lebenserwartung? Antigua🇦🇬
76%
...Fläche? Kiribati🇰🇮
76%
...Bruttoinlandsprodukt pro Kopf? Antigua🇦🇬
71%
...durchschnittlicher IQ? Antigua🇦🇬
71%
...Gewinner? Antigua🇦🇬
71%
...Militär? Antigua🇦🇬
65%
...Tourismus? Antigua🇦🇬
65%
...HDI (Human Development Index)? Antigua🇦🇬
65%
...Exportmengen? Antigua🇦🇬
65%
...Happy Planet Index? Antigua🇦🇬
41%
...Einwohner? Kiribati🇰🇮
41%
...Frieden? Antigua🇦🇬
35%
Keine übereinstimmenden Quizze gefunden
Verteilung der Resultate
Anzahl Personen mit jedem Resultat
Perzentil nach korrekt beantworteten Fragen
Ihre Resultats-Entwicklung
Sie haben dieses Quiz noch nicht gespielt